LEADER 00777cam0 22002533 450 001 SON0002702 005 20210329083508.0 100 $a20040211d1904 |||||ita|0103 ba 101 $aita 102 $aIT 200 1 $aIncerti voli...$eNuove poesie$fPasquale Stanislao Mancini 210 $aNapoli$cTip. Barnaba$d1904 215 $a30 p.$d22 cm. 300 $aFotocopie 700 1$aMancini$b, Pasquale Stanislao$3AF00004597$4070$0446854 801 0$aIT$bUNISOB$c20210329$gRICA 850 $aUNISOB 852 $aUNISOB$j851$m51825 912 $aSON0002702 940 $aM 102 Monografia moderna SBN 941 $aM 957 $a851$b000044$gSI$d51825$1carrano$2UNISOB$3UNISOB$420120124162210.0$520210329083508.0$6Spinosa 996 $aIncerti voli..$91666133 997 $aUNISOB